Central Library OPAC University of Rajshahi

Evolution and Christian thought today / (Record no. 31629)

MARC details
000 -LEADER
fixed length control field 00877cam a22002891 4500
001 - CONTROL NUMBER
control field 31629
003 - CONTROL NUMBER IDENTIFIER
rucl marc code BD-RjUL
005 - DATE AND TIME OF LATEST TRANSACTION
control field 20211209051728.0
008 - FIXED-LENGTH DATA ELEMENTS--GENERAL INFORMATION
fixed length control field 140421s1959 miua 000 0 eng
035 ## - SYSTEM CONTROL NUMBER
System control number (BD-RjUL)31717
System control number (OCoLC)373912
040 ## - CATALOGING SOURCE
Original cataloging agency DLC
Transcribing agency ODaWU
Modifying agency OCoLC
-- DLC
-- BD-RjUL
Language of cataloging eng
041 ## - LANGUAGE CODE
Language code of text/sound track or separate title eng
082 00 - DEWEY DECIMAL CLASSIFICATION NUMBER
Classification number 261.75
Author mark and year EVO 1959
245 10 - TITLE STATEMENT
Title Evolution and Christian thought today /
Statement of responsibility, etc. Edited by R.L. Mixter... [et al.]
250 ## - EDITION STATEMENT
Edition statement 1st ed.]
260 ## - PUBLICATION, DISTRIBUTION, ETC. (IMPRINT)
Place of publication, distribution, etc. Grand Rapids :
Name of publisher, distributor, etc. Eerdmans,
Date of publication, distribution, etc. 1959.
300 ## - PHYSICAL DESCRIPTION
Pagination 224 p. :
Illustrations illus., diagrs. ;
Size 24 cm.
504 ## - BIBLIOGRAPHY, ETC. NOTE
Bibliography, etc Bibliographical footnotes.
650 #0 - SUBJECT ADDED ENTRY--TOPICAL TERM
Topical term or geographic name as entry element Evolution.
9 (RLIN) 96244
Topical term or geographic name as entry element Religion and science.
9 (RLIN) 96245
700 1# - ADDED ENTRY--PERSONAL NAME
Personal name Anderson, V. Elving
Fuller form of name (Victor Elving),
Dates associated with a name 1921-
Personal name Mixter, Russell Lowell,
942 ## - ADDED ENTRY ELEMENTS (KOHA)
Source of classification or shelving scheme Dewey Decimal Classification
Koha item type Books
Holdings
Lost status Source of classification or shelving scheme Damaged status Not for loan Permanent Location Current Location Shelving location Date acquired Source of acquisition Cost, normal purchase price Total Checkouts Full call number Date last seen Copy number Koha item type
  Dewey Decimal Classification   Not For Loan Central Library, University of Rajshahi Central Library, University of Rajshahi Reading Room 11/08/1962 Asia Fundation 0.00   261.75 EVO 1959 21/04/2014 C-1 Books